Meruňky, broskve, mandle, ořechy vlašské a lískové

Bibliographic Details
Main Author: Hladík, František (Author)
Format: Book
Language:Undetermined
Czech
PhysicalDescription:320 s.
Published: Praha Státní zemědelské nakladatelství 1966
Subjects:

MARC

LEADER 00000cam a2200000 a 4500
001 vtls001362799
003 SK-MaSNL
005 20260301143150.0
008 240315s1966 xx 0 und
035 |a SNK000316396 
040 |a SNK  |b slo  |c SNK  |e AACR2 
041 |a cze 
044 |a xr  |c CZ 
080 |a 634.1/.8  |2 2001 
100 1 |a Hladík, František  |4 aut  |9 467259 
245 1 |a Meruňky, broskve, mandle, ořechy vlašské a lískové  |c František Hladík ... ent al. 
260 |a Praha  |b Státní zemědelské nakladatelství  |c 1966 
300 |a 320 s. 
650 0 7 |a ovocinárstvo  |2 SNKPH  |9 16370 
650 0 7 |a rastlinná výroba  |2 SNKPH  |9 2835 
852 |a Štátna vedecká knižnica v Banskej Bystrici 
958 |a OND 
999 |c 772813  |d 774743 
952 |t P60, <04>, [BOOK], {604}  |a SNK  |b SNK  |y VYP  |7 0  |p 17A0193751  |o snkID 41547  |0 0  |1 0  |4 0  |d 1999-05-10  |l 0  |r 2005-01-02 00:00:00  |w 2026-02-24